| 000 | 01276cam a22004218a 4500 | ||
|---|---|---|---|
| 003 | OCoLC | ||
| 005 | 20241220111342.0 | ||
| 008 | 040803s2005 nyu 000 1 eng | ||
| 001 | 56129230 | ||
| 010 | _a 2004053538 | ||
| 020 | _a0399152083 (acidfree paper) | ||
| 035 | _a(Sirsi) i9780399152085 | ||
| 040 |
_aDLC _cDLC _dJPL _dGZD |
||
| 043 | _an-us-ny | ||
| 049 |
_aGZDA _lls* |
||
| 082 | 0 | 0 |
_a813/.54 _222 |
| 099 | _aMYS | ||
| 082 | _aROB | ||
| 092 | _aROB | ||
| 100 | 1 |
_aRobb, J. D., _d1950- _943194 |
|
| 245 | 1 | 0 |
_aSurvivor in death / _cJ.D. Robb. |
| 260 |
_aNew York : _bG.P. Putnam's Sons, _cc2005. |
||
| 263 | _a0501 | ||
| 300 |
_a376 p. ; _c24 cm. |
||
| 650 | 0 |
_aDallas, Eve (Fictitious character) _vFiction. _95673705 |
|
| 650 | 0 |
_aPolice _zNew York (State) _zNew York _vFiction. _95674053 |
|
| 650 | 0 |
_aMurder victims' families _vFiction. _95681342 |
|
| 650 | 0 |
_aTwenty-first century _vFiction. _95681343 |
|
| 650 | 0 |
_aChild witnesses _vFiction. _95679974 |
|
| 650 | 0 |
_aPolicewomen _vFiction. _95674055 |
|
| 650 | 0 |
_aMass murder _vFiction. _95681344 |
|
| 651 | 0 |
_aNew York (N.Y.) _vFiction. _95673704 |
|
| 655 | 7 |
_aMystery fiction. _2gsafd _96116167 |
|
| 655 | 0 |
_aScience fiction. _96116168 |
|
| 942 |
_cBOOK _013 |
||
| 979 | _a351323 | ||
| 998 | _aa37897 | ||
| 999 |
_c18747 _d18747 |
||